Law, Society & Organisations

Detalles Bibliográficos
Formato: eBook
Lenguaje:inglés
Publicado: Bucarest: Law, Society & Organisations, 2016 -
Materias:
Acceso en línea:Acceso restringido

MARC

LEADER 00000nam a22000007a 4500
005 20201217231837.0
007 cr|||| ||||
008 201217c20169999ro ar|w s|||| 0|||b1eng d
022 |a L2537-477X 
035 |a 32349 
040 |a vLex 
090 |c 10972  |d 10972 
245 0 0 |a Law, Society & Organisations  |h [Recurso electrn̤ico] / 
256 |a Servicio en ln̕ea 
260 |a Bucarest:  |b Law, Society & Organisations,  |c 2016 - 
300 |a 1 recurso electrn̤ico 
310 |a Anual 
362 |a Nð I (Ene. 2016) - 
506 1 |a Disponible solo en los productos indicados  |d vLex Global  |d vLex Global (Academic Edition, excluding Law Schools)  |d vLex Global (U.S. Academic Edition, Law Schools)  |d vLex Global (U.S. Academic Edition, excluding Law Schools)  |d vLex Global (Academic Edition, Law Schools) 
650 0 4 |a Derecho Pb︢lico y Administrativo  |z Rumania 
740 0 |a vLex Revistas (Servicio en ln̕ea) 
856 4 0 |u http://vlex.com/source/law-society-organisations-32349  |z Acceso restringido 
942 |c REV 
999 0 |a Public and Administrative Law